000 00325 a2200157 4500
001 59045
020 _a
040 _cAnchieta - Pituba
100 _aValadão, Hélio
240 1 0 _aSanto Antônio de Jesus
_lpor
245 1 0 _aSanto Antônio de Jesus
300 _a153
362 0 _a2005
650 4 _aBahia
942 _cBK
999 _c59045
_d59045